International developments in oyster hatchery technology
Guardat en:
| Autor principal: | |
|---|---|
| Format: | Llibre |
| Idioma: | Undetermined |
| Publicat: |
Australia
Department of Agriculture New South Wales
1985
|
| Matèries: | |
| Etiquetes: |
Afegir etiqueta
Sense etiquetes, Sigues el primer a etiquetar aquest registre!
|
| Thư viện lưu trữ: | Trung tâm Học liệu Trường Đại học Cần Thơ |
|---|
| LEADER | 00582nam a2200193Ia 4500 | ||
|---|---|---|---|
| 001 | CTU_150668 | ||
| 008 | 210402s9999 xx 000 0 und d | ||
| 082 | |a 639.41 | ||
| 082 | |b H739 | ||
| 100 | |a Holliday, J. E. | ||
| 245 | 0 | |a International developments in oyster hatchery technology | |
| 245 | 0 | |c J. E. Holliday | |
| 260 | |a Australia | ||
| 260 | |b Department of Agriculture New South Wales | ||
| 260 | |c 1985 | ||
| 650 | |a Fisheries,Nghề cá | ||
| 650 | |x Research,Nghiên cứu | ||
| 904 | |i Trọng Hải | ||
| 980 | |a Trung tâm Học liệu Trường Đại học Cần Thơ | ||